Hauptschriften / Bd. 1 Zwingli, der Prediger / bearb. von Oskar Farner 1

Saved in:  
Bibliographic Details
Main Author: Zwingli, Ulrich 1484-1531 (Author)
Contributors: Farner, Oskar 1884-1958 (Other)
Format: Print Book
Language:German
Subito Delivery Service: Order now.
Check availability: HBZ Gateway
WorldCat: WorldCat
Interlibrary Loan:Interlibrary Loan for the Fachinformationsdienste (Specialized Information Services in Germany)
Published: Zürich Zwingli-Verl. 1940
In: Hauptschriften
Year: 1940
Edition:[Volksausg.]
Sammlungen:

MARC

LEADER 00000cam a2200000 cc4500
001 143682393
003 DE-627
005 20240910102838.0
007 tu
008 940313s1940 sz ||||| 00| ||ger c
035 |a (DE-627)143682393 
035 |a (DE-576)9143682391 
035 |a (DE-599)GBV143682393 
035 |a (OCoLC)832162100 
040 |a DE-627  |b ger  |c DE-627  |e rakwb 
041 |a ger 
044 |c XA-CH 
084 |a BP 2280  |2 rvk  |0 (DE-625)rvk/14955: 
100 1 |0 (DE-588)118637533  |0 (DE-627)137081022  |0 (DE-576)209173386  |4 aut  |a Zwingli, Ulrich  |d 1484-1531 
109 |a Zvinglius, Huldricus 1484-1531  |a Czwingli, Huldrich 1484-1531  |a Zinlius, Uldericus 1484-1531  |a Zuinglius, Huldrichus 1484-1531  |a Zwinglius, Huldrichus 1484-1531  |a Zvingli, Ulrich 1484-1531  |a Zuinglio, Ulrico 1484-1531  |a Zuinglius, Huldrychus 1484-1531  |a Zwinglius, Ulricus 1484-1531  |a Zwingli, Huldrych 1484-1531  |a Zwingli, Huldrich 1484-1531  |a Zwingli, Huldreich 1484-1531  |a Theodidactus, Christianus 1484-1531  |a Ch'ŭbinggŭlli, Huldŭrihi 1484-1531  |a Zinlius, Huldericus 1484-1531  |a Zwingli, Ulrico 1484-1531  |a Cogelius, Charicius 1484-1531  |a Zvingle, Hvldrich 1484-1531  |a Zwingli, Ulrich 1484-1531  |a Zuinglius, Huldericus 1484-1531  |a Zwingli, Ulrich der Ältere 1484-1531  |a Cogelius, Charieus 1484-1531  |a Zwinglius, Huldericus 1484-1531  |a Zvinglius, Huldrichus 1484-1531  |a Zwingli 1484-1531  |a Zwingli, Ulrich d.Ä. 1484-1531  |a Zuinglius, Huldricus 1484-1531  |a Zuinglin, Huldreich 1484-1531  |a Zwinglius, Huldricus 1484-1531  |a Zwingli, Huldericus 1484-1531  |a Cheubing-geulli, Huldeulihi 1484-1531 
245 1 0 |a Hauptschriften  |n Bd. 1  |p Zwingli, der Prediger / bearb. von Oskar Farner  |n 1  |c Zwingli. Bearb. von Fritz Blanke, Oskar Farner, Rudolf Pfister 
250 |a [Volksausg.] 
264 1 |a Zürich  |b Zwingli-Verl.  |c 1940 
300 |a VII, 302 S.  |b Ill. 
336 |a Text  |b txt  |2 rdacontent 
337 |a ohne Hilfsmittel zu benutzen  |b n  |2 rdamedia 
338 |a Band  |b nc  |2 rdacarrier 
546 |a In Fraktur 
700 1 |0 (DE-588)118686143  |0 (DE-627)079468713  |0 (DE-576)16090997X  |4 oth  |a Farner, Oskar  |d 1884-1958 
773 1 8 |a Hauptschriften  |w (DE-627)143682385  |w (DE-576)9143682383  |g Bd. 1  |q 1  |7 nnam 
935 |a JALB  |a mteo 
936 r v |a BP 2280  |b Zwingli, Ulrich  |k Theologie und Religionswissenschaften  |k Evangelische Kirchengeschichte  |k Evangelische Kirchengeschichte Deutschlands  |k Reformation, katholische Reform und Gegenreformation  |k Reformation  |k Zwingli, Ulrich  |0 (DE-627)1272616185  |0 (DE-625)rvk/14955:  |0 (DE-576)202616185 
951 |a MV 
ELC |b 1 
LOK |0 000 xxxxxcx a22 zn 4500 
LOK |0 001 4578368696 
LOK |0 003 DE-627 
LOK |0 004 143682393 
LOK |0 005 20240910101025 
LOK |0 008 240910||||||||||||||||ger||||||| 
LOK |0 040   |a DE-Tue135  |c DE-627  |d DE-Tue135 
LOK |0 092   |o n 
LOK |0 852   |a DE-Tue135 
LOK |0 852 1  |9 00 
LOK |0 866   |x SPQUE#Johannes a Lasco Bibliothek 
LOK |0 935   |a JALB 
LOK |0 939   |a 10-09-24  |b l01 
ORI |a SA-MARC-ixtheoa001.raw